| 000 | 00380nam a22001697a 4500 | ||
|---|---|---|---|
| 005 | 20160623113128.0 | ||
| 008 | 160623b xxu||||| |||| 00| 0 eng d | ||
| 020 | _a81-7929-205-3 | ||
| 041 | _aeng | ||
| 082 | _b9095 | ||
| 100 |
_aWilliams, Mark _92572 |
||
| 245 | _aHow to fit In | ||
| 260 |
_bInfinity Book _c2007 |
||
| 300 | _a169 | ||
| 650 |
_aManagement _9241 |
||
| 942 | _cBK | ||
| 999 |
_c3668 _d3667 |
||